Statistics for Food and Drink that are an Acquired Taste (by Picture)

Click here to take the quiz!

General Stats

  • This quiz has been taken 813 times
  • The average score is 14 of 20

Answer Stats

Answer% Correct
beer
99%
coffee
99%
chili pepper
96%
Brussels sprouts
91%
caviar
91%
oyster
89%
blue cheese
87%
calamari
83%
sashimi
76%
Vegemite/Marmite
75%
wasabi
74%
cilantro
71%
blood sausage
66%
durian
58%
kimchi
58%
haggis
55%
anchovies
50%
sea urchin
47%
natto
25%
balut
21%

Score Distribution

Percentile by Number Answered

Percent of People with Each Score

Your Score History

You have not taken this quiz